Şehr-i Sefa: 18. yüzyılda İstanbul= The city's pleasures : (Record no. 36349)
| 000 -BAŞLIK | |
|---|---|
| Sabit Uzunluktaki Kontrol Alanı | 01536nam a22004217a 4500 |
| 001 - KONTROL NUMARASI | |
| Control Dosyası | 0036452 |
| 003 - KONTROL NUMARASI KİMLİĞİ | |
| Kontrol Alanı | KOHA_MİRAKIL |
| 005 - EN SON İŞLEM TARİHİ ve ZAMANI | |
| Kontrol Alanı | 20260207003007.0 |
| 007 - FİZİKSEL TANIM SABİT ALAN - GENEL BİLGİ | |
| Sabit uzunluklu kontrol alanı | ta |
| 008 - SABİT UZUNLUKTAKİ VERİ ÖGELERİ - GENEL BİLGİ | |
| Sabit Alan | 120430b2010 tu a|||gr||||#0|||0|tur | |
| 020 ## - ISBN - ULUSLARARASI STANDART KİTAP NUMARASI | |
| Isbn | 9789750507649 |
| Kullanılabilirlik koşulları | 16,36 |
| 040 ## - KATALOGLAMA KAYNAĞI | |
| Özgün Kataloglama Kurumu | TR-BiSEU |
| Kataloglama Dili | tur |
| Çeviri Kurumu | TR-BiSEU |
| Açıklama Kuralları | rda |
| 041 0# - DİL KODU | |
| Metin ya da ses kaydının dil kodu | tur |
| 044 ## - YAYINLAYAN/ÜRETEN KURULUŞUN ÜLKE KODU | |
| ISO country code | tu |
| 050 ## - SINIFLAMA ve YER NUMARASI | |
| Sınıflama Numarası | DR730 |
| Yer Numarası | .H36 2010 |
| 100 1# - KİŞİ ADI | |
| Yazar Adı (Kişi adı) | Hamadeh, Shirine.. |
| 245 1# - ESER ADI BİLDİRİMİ | |
| Başlık | Şehr-i Sefa: 18. yüzyılda İstanbul= The city's pleasures : |
| Alt Eseradı vb. | Istanbul in the eighteenth century/ |
| Sorumluluk Bildirimi | Shirine. Hamadeh ; Shirine Hamadeh; çeviren: İlknur Güzel.. |
| 250 ## - BASIM BİLDİRİMİ | |
| Basım Bildirimi | 1st ed. |
| 264 #1 - ÜRERİM, YAYIN, DAĞITIM ve TELİF BİLDİRİMİ | |
| Yayın yeri | İstanbul : |
| Yayınlayan | İletişim Yayınları |
| Yayın tarihi | 2010 |
| 300 ## - FİZİKSEL TANIMLAMA | |
| Sayfa, Cilt vb. | 399 sayfa : |
| Diğer fiziki detaylar | res., hrt. ; |
| Boyutları | 20 cm. |
| 336 ## - İÇERİK TÜRÜ | |
| Content type term | metin |
| Content type code | txt |
| Source | rdacontent |
| 337 ## - MEDYA TÜRÜ | |
| Media type term | aracısız |
| Media type code | n |
| Source | rdamedia |
| 338 ## - TAŞIYICI TÜRÜ | |
| Carrier type term | cilt |
| Carrier type code | nc |
| Source | rdacarrier |
| 490 1# - DİZİ BİLDİRİMİ | |
| Dizi Bildirimi | İletişim yayınları ; |
| Cilt Numarası | 1471. |
| 490 1# - DİZİ BİLDİRİMİ | |
| Dizi Bildirimi | Araştırma-inceleme dizisi ; |
| Cilt Numarası | 246. |
| 500 ## - GENEL NOT | |
| Genel Not | Translation of: The city's pleasures : Istanbul in the eighteenth century |
| 500 ## - GENEL NOT | |
| Genel Not | Dizin var. |
| 500 ## - GENEL NOT | |
| Genel Not | Kaynakça var. |
| 650 #0 - KONU BAŞLIĞI EK GİRİŞ - KONU TERİMİ | |
| Konusal terim veya coğrafi ad | Architecture--Turkey--Istanbul--History. |
| 9 (RLIN) | 69083 |
| 650 #0 - KONU BAŞLIĞI EK GİRİŞ - KONU TERİMİ | |
| Konusal terim veya coğrafi ad | Monuments--Turkey--Istanbul. |
| 9 (RLIN) | 38472 |
| 650 #0 - KONU BAŞLIĞI EK GİRİŞ - KONU TERİMİ | |
| Konusal terim veya coğrafi ad | Mosques--Istanbul (Turkey). |
| 9 (RLIN) | 69084 |
| 650 #0 - KONU BAŞLIĞI EK GİRİŞ - KONU TERİMİ | |
| Konusal terim veya coğrafi ad | İstanbul (Turkey)--History--18th century. |
| 9 (RLIN) | 69085 |
| 650 #0 - KONU BAŞLIĞI EK GİRİŞ - KONU TERİMİ | |
| Konusal terim veya coğrafi ad | İstanbul (Turkey)--18th century--Civilization. |
| 9 (RLIN) | 69086 |
| 830 1# - SERİ EK GİRİŞİ - TEKBİÇİM ESER ADI | |
| Tekbiçim Başlık | İletişim yayınları ; |
| Volume number/sequential designation | 1471. |
| 9 (RLIN) | 2528 |
| 830 1# - SERİ EK GİRİŞİ - TEKBİÇİM ESER ADI | |
| Tekbiçim Başlık | Araştırma-inceleme dizisi ; |
| Volume number/sequential designation | 246. |
| 9 (RLIN) | 60357 |
| 907 ## - LOCAL DATA ELEMENT G, LDG (RLIN) | |
| a | Tarih |
| 942 ## - EK GİRİŞ ÖGELERİ (KOHA) | |
| Source of classification or shelving scheme | Library of Congress Classification |
| Koha item type | Book |
| Materyal Türü | Kalıcı Konum | Mevcut Konum | Raf Yeri | Sınıflandırma Kaynağı | Edinim Bilgisi | Ana Konular | Alt Konular | Yer Numarası | Demirbaş Numarası | Fatura Tarihi | Maliyet, Alış Fiyatı | Maliyet, Yenileme Fiyatı | Geri Çekilme Durumu | Kayıp Durumu | Hasarlı Durumu | Kredi için değil | Kayıt Tarih | Toplam Ödünçverme | Son Görülme Tarihi | Son Kontrol Tarihi |
|---|---|---|---|---|---|---|---|---|---|---|---|---|---|---|---|---|---|---|---|---|
| Book | Prof. Dr. Azmi Özcan Kütüphanesi | Prof. Dr. Azmi Özcan Kütüphanesi | Uluğbey Salonu | Library of Congress Classification | Satın | DÜNYA TARİHİ (AVRUPA, ASYA, AFRİKA VB.) | Balkan Yarımadası | DR730 .H36 2010 | 0036452 | 23/07/2012 | 16.36 | 16.36 | 30/04/2012 | 12 | 05/12/2024 | 05/12/2024 |
